Retenciones a las exportaciones (Registro nro. 3470)
[ vista simple ]
| 000 -LEADER | |
|---|---|
| fixed length control field | 02385 a2200361 4500 |
| 001 - CONTROL NUMBER | |
| control field | 41336 |
| 005 - DATE AND TIME OF LATEST TRANSACTION | |
| control field | 20260407155707.0 |
| 008 - FIXED-LENGTH DATA ELEMENTS--GENERAL INFORMATION | |
| fixed length control field | 260407a2008 arg spa d |
| 003 - CONTROL NUMBER IDENTIFIER | |
| control field | AR-UNSa-BCEJYS |
| 040 ## - CATALOGING SOURCE | |
| Original cataloging agency | AR-UNSa-BCEJYS |
| Language of cataloging | spa |
| Transcribing agency | AR-UNSa-BCEJYS |
| 080 ## - UNIVERSAL DECIMAL CLASSIFICATION NUMBER | |
| Universal Decimal Classification number | 336.22 |
| Common auxiliary subdivision | Impuestos |
| 041 ## - LANGUAGE CODE | |
| Language code of text/sound track or separate title | spa |
| 100 1# - MAIN ENTRY--PERSONAL NAME | |
| Personal name | Badeni, Gregorio |
| 245 10 - TITLE STATEMENT | |
| Title | Retenciones a las exportaciones |
| 264 #1 - PRODUCTION, PUBLICATION, DISTRIBUTION, MANUFACTURE, AND COPYRIGHT NOTICE | |
| Place of production, publication, distribution, manufacture | Buenos Aires : |
| Name of producer, publisher, distributor, manufacturer | La Ley |
| Date of production, publication, distribution, manufacture, or copyright notice | 2008 |
| 300 ## - PHYSICAL DESCRIPTION | |
| Extent | 103 p. |
| Dimensions | 24 cm. |
| 505 ## - FORMATTED CONTENTS NOTE | |
| Formatted contents note | 1. Las retenciones desde el punto de vista macroeconómico / Eduardo Conesa - 2. Las retenciones a las exportaciones: un mal instrumento de política económica / Raúl E. Cuello - 3. El conflicto entre el campo y la ciudad: economía, política y credibilidad / Juan Carlos De Pablo - 4. Las retenciones sobre las exportaciones, equidad económica y el principio de la capacidad contributiva / Marcelo R. Lascano - 5. La patología constitucional de las retenciones /Gregorio Badeni - 6. Acerca de los derechos de exportación, sus fundamentos legales e implicancias / Mario J. Bibiloni - 7. Reflexiones en torno a los derechos de exportación, su legitimidad y razonabilidad / Juan Patricio Cotter - 8. Las instituciones de la República y las retenciones / Jorge H. Damarco - 9. Retenciones, federalismo, República y derechos fundamentales / María Angélica Gelli - 10. Constitución y derechos de exportación / Andrés Gil Domínguez - 11. Retenciones a las exportaciones de productos primarios y sus derivados / Santiago A. Saenz Valiente - 12. Las retenciones a la exportación y la violación de los principios de reserva de ley, igualdad, no confiscatoriedad y seguridad jurídica / Rodolfo R. Spisso - 13. Las retenciones al agro y las vías judiciales / Maximiliano Toricelli <br/> |
| 590 ## - LOCAL NOTE (RLIN) | |
| Local note | niveau_biblio:m niveau_hierar:0 |
| 700 1# - ADDED ENTRY--PERSONAL NAME | |
| Personal name | Lascano, Marcelo Ramón |
| 700 1# - ADDED ENTRY--PERSONAL NAME | |
| Personal name | Bibiloni, Mario J. |
| 700 1# - ADDED ENTRY--PERSONAL NAME | |
| Personal name | Conesa, Eduardo R. |
| 700 1# - ADDED ENTRY--PERSONAL NAME | |
| Personal name | Cotter, Juan Patricio |
| 700 1# - ADDED ENTRY--PERSONAL NAME | |
| Personal name | Cuello, Raúl E. |
| 700 1# - ADDED ENTRY--PERSONAL NAME | |
| Personal name | Damarco, Jorge Héctor |
| 700 1# - ADDED ENTRY--PERSONAL NAME | |
| Personal name | De Pablo, Juan Carlos |
| 700 1# - ADDED ENTRY--PERSONAL NAME | |
| Personal name | Gelli, María Angélica |
| 700 1# - ADDED ENTRY--PERSONAL NAME | |
| Personal name | Gil Domínguez, Andrés |
| 700 1# - ADDED ENTRY--PERSONAL NAME | |
| Personal name | Saenz Valiente, Santiago A. |
| 700 1# - ADDED ENTRY--PERSONAL NAME | |
| Personal name | Spisso, Rodolfo Roque |
| 700 1# - ADDED ENTRY--PERSONAL NAME | |
| Personal name | Toricelli, Maximiliano |
| 856 41 - ELECTRONIC LOCATION AND ACCESS | |
| Uniform Resource Identifier | <a href="https://biblioeco.unsa.edu.ar/pmb/images/libros/E00035.jpg">https://biblioeco.unsa.edu.ar/pmb/images/libros/E00035.jpg</a> |
| Link text | Imagen de portada |
| Electronic format type | image/jpeg |
| 942 ## - ADDED ENTRY ELEMENTS (KOHA) | |
| Koha item type | |
| Withdrawn status | Lost status | Damaged status | Not for loan | Home library | Current library | Shelving location | Date acquired | Total checkouts | Full call number | Barcode | Date last seen | Price effective from | Koha item type |
|---|---|---|---|---|---|---|---|---|---|---|---|---|---|
| Biblioteca Prof. Eusebio Cleto del Rey | Biblioteca Prof. Eusebio Cleto del Rey | 07/04/2026 | E336.22 L341/LE | E00035 | 07/04/2026 | 07/04/2026 | Libro |